| 000 | 01013nam a2200265 i 4500 | ||
|---|---|---|---|
| 001 | 7152 | ||
| 003 | ES-MaACL | ||
| 005 | 20250826042746.0 | ||
| 007 | t| | ||
| 008 | 900924s1990 sp l |||| | spa d | ||
| 020 | _a84-7088-493-X | ||
| 080 | _a352/353(46)(094.4) | ||
| 245 | 0 | 0 |
_aLegislación de administración local _b: (1975-1987) / _c[recopilación], Luis Cosculluela Montaner, Enrique Orduña Rebollo. |
| 260 |
_aMadrid : _bInstituto Nacional de Administración Pública, _c1990. |
||
| 300 |
_aLXVII, 1173 p. ; _c24 cm. |
||
| 490 | 1 | _aRepertorios. Serie Administraciones territoriales | |
| 500 | _aÍndice. | ||
| 650 | 1 | 4 |
_aAdministración local- _zEspaña- _vLegislación. _99635 |
| 700 | 1 |
_aCosculluela Montaner, Luis. _940988 |
|
| 700 | 1 |
_aOrduña Rebollo, Enrique. _987213 |
|
| 710 | 2 |
_aInstituto Nacional de Administración Pública (España) _95139 |
|
| 830 | 0 |
_aRepertorios. Serie Administraciones territoriales _9227864 |
|
| 852 |
_aES-MaACL _jL-14396 _z- rust. |
||
| 999 |
_c7152 _d7152 |
||